| 000 | 01041cam a2200313 i 4500 | ||
|---|---|---|---|
| 001 | 200462381 | ||
| 003 | TR-AnTOB | ||
| 005 | 20241118094437.0 | ||
| 007 | ta | ||
| 008 | 240903n tu ad 000 0 tur d | ||
| 020 | _a9786058310919 | ||
| 040 |
_aTR-AnTOB _beng _erda _cTR-AnTOB |
||
| 041 | 0 | _atur | |
| 060 | 4 |
_aWA 716 _bA989 |
|
| 096 |
_aWA716 _bA989 TıpFaK |
||
| 100 | 1 |
_aAyvaz, Deniz Çağdaş _eauthor _9146922 |
|
| 245 | 1 | 0 |
_aİnek sütü protein alerjisine güncel yaklaşım/ _cyazarlar Doç. Dr. Deniz Çağdaş Ayvaz [and twelve others] ; editör Prof. Dr. Bülent Enis Şekerel. |
| 264 | 3 |
_aAnkara : _bAnkamat Matbaacılık, _c[date of publication not identified] |
|
| 300 |
_a96 pages : _billustrations, tables ; _c24 cm |
||
| 336 |
_atext _btxt _2rdacontent |
||
| 337 |
_aunmediated _bn _2rdamedia |
||
| 338 |
_avolume _bnc _2rdacarrier |
||
| 504 | _aBIB | ||
| 650 | 2 |
_aProteins _9146924 |
|
| 650 | 2 |
_aMilk _9146925 |
|
| 700 | 1 |
_aŞekerel, Bülent Enis _eeditor _9146923 |
|
| 942 |
_2NLM _cBK |
||
| 999 |
_c200462381 _d80593 |
||